000 01015nam a2200289 c 4500
003 BLK
005 20190913121259.0
008 180911b bul|||||r ||||||| ||bul||
010 _a003803
040 _aBLK
041 _aRUS
080 _z882-1
100 1 _a
_eпърви автор
245 1 0 _aПЕСНИ русских поэтов
246 _bПЕСНИ руских поэтов
_pлирика-стихотворения
260 _aЛенинград
_bСов. писатель
_c1957
300 _a528 с
_c13 см
380 _a82
490 _aБиблиотека поэта основана М. Горьким
490 _aЧастна колекция - Академик Михаил Арнаудов
_gДарение - Основен фонд
653 _9
_aлирика
653 _9
_aстихотворения
655 _aруска литература
700 1 _aВступ. статья И. Н. Розанова
852 _aМА 1916
942 _cKNG
_n0
944 _aCR
_c1996
_kValK
999 _c344139
_d344139